000 00676nam a2200241Ia 4500
003 OSt
005 20221006144733.0
006 a|||||r|||| 00| 0
007 ta
008 221006b |||||||| |||| 00| 0 eng d
020 _c
_1.00
024 _a12,549
037 _cTextual
040 _aEASL
_cEASL
_beng
041 _2eng
_aeng
082 _aV41:191.N57, J8
100 _aSteiner Arhur
_9652728
245 0 _aPolitical and ideological directions of foreign policy
260 _aNew York
_bAmerican Institite of Pacific Relations
_c1958
300 _a42p.
_ccm.
942 _hV41:191.N57, J8
_cTEXL
_2CC
999 _c1080635
_d1080635